[Event "Moehnesee Cup-B"]
[Site "Moehnesee"]
[Date "2005.08.20"]
[Round "4"]
[White "Kanning, Thorsten"]
[Black "Bluebaum, Matthias"]
[Result "1-0"]
[WhiteElo "1586"]
[BlackElo "1277"]
[PlyCount "29"]
[EventDate "2005.08.18"]
[EventType "swiss"]
[EventRounds "7"]
[EventCountry "GER"]
[SourceTitle "CBM 108 Extra"]
[Source "ChessBase"]
[SourceDate "2005.11.04"]
[SourceVersion "1"]
[SourceVersionDate "2005.11.04"]
[SourceQuality "1"]

1. e4 e6 2. d4 d5 3. Nd2 c5 4. Ngf3 Nc6 5. exd5 exd5 6. Bb5 Nf6 7. 0-0 Be7 8. dxc5 Bxc5 9. Qe2+ Be7 10. Re1 a6 11. Bxc6+ bxc6 12. Nd4 Bd7 13. N2b3 Ra7 14. Na5 Rc7 15. Bf4 1-0

[Event "Moehnesee Cup-B"]
[Site "Moehnesee"]
[Date "2005.08.19"]
[Round "3"]
[White "Schroeer, Jan Erik"]
[Black "Kanning, Thorsten"]
[Result "1/2-1/2"]
[WhiteElo "1035"]
[BlackElo "1568"]
[PlyCount "57"]
[EventDate "2005.08.18"]
[EventType "swiss"]
[EventRounds "7"]
[EventCountry "GER"]
[SourceTitle "CBM 108 Extra"]
[Source "ChessBase"]
[SourceDate "2005.11.04"]
[SourceVersion "1"]
[SourceVersionDate "2005.11.04"]
[SourceQuality "1"]

1. d4 Nf6 2. Nf3 g6 3. Nc3 Bg7 4. Bg5 0-0 5. e4 d6 6. Bd3 Bg4 7. h3 Bxf3 8. Qxf3 Nc6 9. d5 Ne5 10. Qe3 Qd7 11. 0-0 a6 12. Bf4 Nxd3 13. Qxd3 Nh5 14. Bg5 h6 15. Be3 e5 16. Qd2 Kh7 17. a3 f5 18. exf5 gxf5 19. Qe2 Qf7 20. Nd1 f4 21. Bd2 Nf6 22. c4 Rae8 23. f3 Nh5 24. Qd3+ Kh8 25. Re1 Rg8 26. Re2 Bf6 27. g4 Ng3 28. Rg2 h5 29. Be1 1/2-1/2

[Event "Rhein Main op 08th"]
[Site "Bad Homburg"]
[Date "2005.05.26"]
[Round "3"]
[White "Kanning, Thorsten"]
[Black "Reuter, Klaus"]
[Result "1-0"]
[WhiteElo "1582"]
[BlackElo "1443"]
[PlyCount "51"]
[EventDate "2005.05.25"]
[EventType "swiss"]
[EventRounds "7"]
[EventCountry "GER"]
[SourceTitle "EXT 2006"]
[Source "ChessBase"]
[SourceDate "2005.11.24"]
[SourceVersion "1"]
[SourceVersionDate "2005.11.24"]
[SourceQuality "1"]

1. e4 c5 2. Nf3 Nc6 3. d4 cxd4 4. c3 dxc3 5. Nxc3 g6 6. Bc4 e6 7. 0-0 Bg7 8. Nb5 h6 9. Re1 a6 10. Nd6+ Kf8 11. e5 Na5 12. Bd3 Ne7 13. b3 Nac6 14. Bb2 Nf5 15. Bxf5 gxf5 16. Ba3 Kg8 17. Bb2 Rb8 18. Rc1 Qe7 19. a3 h5 20. Rc3 f6 21. Rd3 fxe5 22. Nxe5 h4 23. Nxc8 Rxc8 24. Rxd7 Qg5 25. Nf3 Qh5 26. Rxg7+ 1-0